000 00733nam a2200217Ii 4500
003 JO-AjNU
008 230605s9999||||xx |||||||||||||| ||und||
017 _a1992/2197
020 _a977-200-029-6
040 _aJO-AjNU
_bara
_erda
_cJO-AjNU
041 _aara
050 1 4 _aLA41.1994
100 3 _aحجي،أحمد إسماعيل/محمد،سليمان عبد ربه م.مشارك,
_eauthor
_915723
245 0 0 _aالأصول الإجتماعية للتربية
264 3 1 _aالقاهرة:مكتبة النهضة،1994
300 _a174ص
336 _atext
_btxt
_2rdacontent
337 _aunmediated
_bn
_2rdamedia
338 _avolume
_bnc
_2rdacarrier
650 4 _aالتعليم-الجوانب الاجتماعية
_915724
999 _aA4506
_c8074
_d8074